00777nab a2200205uuc4500001000800000005001700008008004100025035001200066035002100078040001300099041000800112100005100120245014100171650002500312650003100337650002900368773014500397942001000542999001900552115647120240614085740.0090724e20090401 spa  a1156471 a(OCoLC)820488905 ccomduadb aspa10aIglesias Rodriguez, Débora4auteaut956615413aLa invisible factoría de carbono en los océanos. Algas microscópicas calcificadoras mantienen las reservas de carbono de la tierra aAlgas marinas931949 aCarbonato de calcio923883 7aFitoplancton2lemb961140 tInvestigación y Ciencia. Edición Española de Scientific American (Barcelona)gNúmero 391, Abril 2009, p. 14-15w5406z0210136X03445 cARIMP c521340d521340